|
|
|
|
| LEADER |
01429nam a22003014a 4500 |
| 001 |
43002 |
| 003 |
BD-DhAAL |
| 005 |
20240905130546.0 |
| 008 |
240905t2001 nyua b 001 0 eng |
| 010 |
|
|
|a 00048031
|
| 020 |
|
|
|a 0393974235 (pbk.)
|
| 040 |
|
|
|a DLC
|c DLC
|d DLC
|d BD-DhAAL
|
| 042 |
|
|
|a pcc
|
| 050 |
0 |
0 |
|a QE26.2
|b .M365 2001
|
| 082 |
0 |
0 |
|a 550
|2 21
|
| 100 |
1 |
|
|a Marshak, Stephen,
|d 1955-
|9 56740
|
| 245 |
1 |
0 |
|a Earth :
|b portrait of a planet /
|c Stephen Marshak ; with contributions from Donald Prothero.
|
| 264 |
|
|
|a New York :
|b Norton,
|c c2001.
|
| 300 |
|
|
|a xvi, 735 pages :
|b col. illustrations ;
|c 28 cm.+
|e 1 computer optical disc (4 3/4 in.)
|
| 504 |
|
|
|a Includes bibliographical references and index.
|
| 541 |
|
|
|a Donation from the Asia Foundation/Savar Campus Library
|e 43002,43003
|
| 650 |
|
0 |
|a Geology.
|
| 650 |
|
0 |
|a Geology
|v Textbooks.
|9 56741
|
| 700 |
1 |
|
|a Prothero, Donald R.
|9 56742
|
| 942 |
|
|
|2 ddc
|c BK
|
| 999 |
|
|
|c 46949
|d 46949
|
| 952 |
|
|
|0 0
|1 0
|2 ddc
|4 0
|6 550_000000000000000_MAR
|7 0
|9 76142
|a SCL
|b SCL
|c GEN
|d 2024-09-05
|e Donation from the Asia Foundation/ Savar Campus
|l 0
|o 550 MAR
|p 3020043002
|r 2024-09-05
|t 1
|w 2024-09-05
|y BK
|x Donation from the Asia Foundation/ Savar Campus
|
| 952 |
|
|
|0 0
|1 0
|2 ddc
|4 0
|6 550_000000000000000_MAR
|7 0
|9 76143
|a SCL
|b SCL
|c GEN
|d 2024-09-05
|e Donation from the Asia Foundation/ Savar Campus
|l 0
|o 550 MAR
|p 3020043003
|r 2024-09-05
|t 2
|w 2024-09-05
|y BK
|x Donation from the Asia Foundation/ Savar Campus
|